5 to 1: Colors Quiz Stats

 Plays Quiz Updated Oct 17, 2017

Score 0/15 Timer 03:00
5 Plays Today
% Correct
Scarlet
96.3%
Maroon
94.8%
Brick
92.7%
Lemon
91.7%
Cardinal
91.7%
Emerald
89.9%
Gold
88%
Shamrock
84.5%
% Correct
Cerulean
84.3%
Canary
82.5%
Mustard
77.8%
Vermilion
70.8%
Orchid
69.6%
Cornflower
68.1%
Zaffre
62.5%

You're not logged in!

Compare scores with friends on all Sporcle quizzes.
OR
Log In

You Might Also Like...

Show Comments

Extras

Top Quizzes Today


Score Distribution

Your Account Isn't Verified!

In order to create a playlist on Sporcle, you need to verify the email address you used during registration. Go to your Sporcle Settings to finish the process.

Report this User

Report this user for behavior that violates our Community Guidelines.

Details: